Najwięcej bramek w Lidze Mistrzów - Statystyki

Ogólne statystyki
  • Ten quiz został rozwiązany 868 razy
    226 od ostatniego zresetowania
  • Średni wynik to 12 z 25
Statystyki odpowiedzi
Bramki Piłkarz % Poprawnych
140 Cristiano Ronaldo
100%
129 Lionel Messi
100%
94 Robert Lewandowski
98%
90 Karim Benzema
86%
48 Kylian Mbappé
76%
43 Neymar
73%
71 Raul
64%
41 Erling Haaland
63%
48 Zlatan Ibrahimović
55%
50 Thierry Henry
53%
34 Gerd Müller
52%
54 Thomas Müller
52%
44 Didier Drogba
41%
44 Mohamed Salah
39%
56 Ruud van Nistelrooy
30%
41 Sergio Agüero
30%
35 Edinson Cavani
26%
42 Alessandro Del Piero
25%
49 Alfredo Di Stéfano
23%
46 Filippo Inzaghi
23%
36 Ferenc Puskás
22%
48 Andrij Szewczenko
20%
36 Antoine Griezmann
19%
33 Fernando Morientes
15%
46 Eusébio
11%
Nie znaleziono quizów pasujących do podanych kryteriów
Rozkład punktacji
Procent ludzi z każdym wynikiem
Percentyl według liczby udzielonych odpowiedzi
Twoja historia wyników
Nie rozwiązałeś tego quizu od ostatniego zresetowania